[Event "Moscow-ch"]
[Site "Moscow"]
[Date "1999.??.??"]
[Round "3"]
[White "Daschian, Nikolai V"]
[Black "Ageichenko, Genadi A"]
[Result "1/2-1/2"]
[WhiteElo "2435"]
[BlackElo "2343"]
[PlyCount "70"]
[EventDate "1999.??.??"]
[EventType "swiss"]
[EventRounds "9"]
[EventCountry "RUS"]
[SourceTitle "EXT 2001"]
[Source "ChessBase"]
[SourceDate "2000.11.22"]
[SourceVersion "1"]
[SourceVersionDate "2000.11.22"]
[SourceQuality "1"]

1. d4 Nf6 2. c4 g6 3. Nc3 Bg7 4. e4 d6 5. Nf3 0-0 6. Be2 e5 7. 0-0 Nc6 8. d5 Ne7 9. b4 Nh5 10. Re1 Nf4 11. Bf1 Kh8 12. c5 Ng8 13. a4 Nh6 14. Ra3 a5 15. bxa5 dxc5 16. a6 b6 17. a5 Bxa6 18. axb6 Bxf1 19. bxc7 Qxc7 20. Rxf1 Rxa3 21. Nb5 Qd7 22. Nxa3 Qg4 23. Bxf4 Qxf4 24. Re1 f5 25. Qc2 g5 26. Nc4 Ng4 27. Nd6 Nh6 28. h3 fxe4 29. Nxe4 g4 30. hxg4 Qxg4 31. Neg5 Nf5 32. Re4 Qh5 33. g4 Qg6 34. gxf5 Rxf5 35. Rg4 Rxg5 1/2-1/2

[Event "Moscow-ch"]
[Site "Moscow"]
[Date "1999.??.??"]
[Round "5"]
[White "Daschian, Nikolai V"]
[Black "Loginov, Anton"]
[Result "1-0"]
[WhiteElo "2435"]
[BlackElo "2320"]
[PlyCount "51"]
[EventDate "1999.??.??"]
[EventType "swiss"]
[EventRounds "9"]
[EventCountry "RUS"]
[SourceTitle "EXT 2001"]
[Source "ChessBase"]
[SourceDate "2000.11.22"]
[SourceVersion "1"]
[SourceVersionDate "2000.11.22"]
[SourceQuality "1"]

1. d4 Nf6 2. c4 e6 3. Nf3 d5 4. Bg5 Nbd7 5. e3 h6 6. Bh4 Be7 7. Nc3 0-0 8. Bd3 dxc4 9. Bxc4 c5 10. 0-0 a6 11. a4 cxd4 12. Nxd4 Ne5 13. Be2 Ng6 14. Bg3 e5 15. Nf3 Bd6 16. Bd3 Qe7 17. Qc2 Bg4 18. Bxg6 Bxf3 19. gxf3 fxg6 20. Qxg6 Bb4 21. Ne4 Nd5 22. Rfd1 Nf4 23. exf4 exf4 24. Bh4 Qxh4 25. Rd7 Be7 26. Rc1 1-0

[Event "Moscow-ch"]
[Site "Moscow"]
[Date "1999.??.??"]
[Round "1"]
[White "Daschian, Nikolai V"]
[Black "Novikov, Yuri A"]
[Result "1/2-1/2"]
[WhiteElo "2435"]
[BlackElo "2368"]
[PlyCount "82"]
[EventDate "1999.??.??"]
[EventType "swiss"]
[EventRounds "9"]
[EventCountry "RUS"]
[SourceTitle "EXT 2001"]
[Source "ChessBase"]
[SourceDate "2000.11.22"]
[SourceVersion "1"]
[SourceVersionDate "2000.11.22"]
[SourceQuality "1"]

1. d4 c6 2. c4 d6 3. Nc3 e5 4. Nf3 Bg4 5. dxe5 Bxf3 6. exf3 dxe5 7. Qxd8+ Kxd8 8. f4 Nd7 9. Be3 Ngf6 10. Be2 Bd6 11. fxe5 Bxe5 12. 0-0-0 Kc7 13. Kc2 Rhe8 14. g4 Bd6 15. g5 Ne4 16. h4 Nxc3 17. Kxc3 Nc5 18. Kc2 Ne6 19. Bg4 b6 20. Rd2 Rad8 21. Rhd1 Be5 22. b4 Rxd2+ 23. Rxd2 Rd8 24. Rxd8 Kxd8 25. Bxe6 fxe6 26. Kd3 g6 27. Ke4 Bc3 28. b5 cxb5 29. cxb5 Kd7 30. Bd4 Be1 31. Ke5 Ke7 32. a4 Bb4 33. Ke4 Be1 34. Be3 Kd6 35. Bd4 Kd7 36. Ke5 Ke7 37. Be3 Bc3+ 38. Bd4 Bxd4+ 39. Kxd4 Kd6 40. f4 Kd7 41. Ke5 Ke7 1/2-1/2